Estadísticas para Países que más visitan Irán

Haz click aquí para intentar la prueba.

Estadísticas generales

  • Esta prueba ha sido intentada 59 veces
  • La puntuación promedio es 14 de 20

Estadísticas de respuestas

turistaspaís% Correcto
1 240 000Irak
98%
79 000India
94%
28 000Rusia
93%
498 000Turquía
91%
75 000China
89%
274 000Pakistán
89%
20 000Siria
89%
764 000Afganistán
81%
46 000Francia
67%
26 000Omán
65%
74 000Kuwait
63%
49 000Líbano
61%
21 000Armenia
59%
892 000Azerbaiyán
59%
39 000Italia
59%
58 000Alemania
57%
30 000Georgia
56%
136 000Turkmenistán
56%
91 000Baréin
50%
20 000Países Bajos
22%

Distribución de puntuación

Porcentaje por número respondido

Porcentaje de gente con cada puntuación

Historial de tus puntuaciones

No has intentado esta prueba.